| 000 | 00678nam a22002057a 4500 | ||
|---|---|---|---|
| 003 | OSt | ||
| 005 | 20240222162418.0 | ||
| 008 | 170404t xxu||||| |||| 00| 0 eng d | ||
| 020 | _a9788499367422 | ||
| 040 | _c0 | ||
| 082 |
_a691 _bFIV |
||
| 245 | 0 | 0 |
_a500 tricks: _bFlooring materials and other finishes. |
| 246 |
_aFive hundred tricks: _bFlooring materials and other finishes. |
||
| 260 |
_aBarcelona, _bLoft publication, _c2012. |
||
| 300 |
_a255 p.: _bill; _c20 cm. |
||
| 650 |
_aUrban landscape architecture _932094 |
||
| 650 |
_aLandscape design _932377 |
||
| 942 |
_2ddc _cREF |
||
| 999 |
_c608046 _d608046 |
||